| 000 | 00718cam a22002531 4500 | ||
|---|---|---|---|
| 001 | sa 67001318 | ||
| 003 | DLC | ||
| 005 | 20260227112321.0 | ||
| 008 | 890724s1966 ii b 000 0 hino | ||
| 010 | _asa 67001318 | ||
| 035 | _a(OCoLC)20059984 | ||
| 040 |
_aDLC _cWaU _dNRU _dDLC |
||
| 042 | _apremarc | ||
| 043 | _aa-ii--- | ||
| 050 | 0 | 0 |
_aPK2042 _b.S9 |
| 100 | 0 |
_aSurendra, _d1939- |
|
| 245 | 1 | 0 | _aNaī kahānī: daśā, diśā, sambhāvanā. [Sampādaka] Surendra. |
| 250 | _a[1. saṃskaraṇa. | ||
| 260 |
_aJayapura, _bApolo Pablikeśana, _c1966] |
||
| 300 |
_a384 p. _c23 cm. |
||
| 500 | _aIn Hindi. | ||
| 504 | _aBibliographical footnotes. | ||
| 650 | 0 |
_aShort stories, Hindi _xHistory and criticism. |
|
| 999 |
_c72536 _d72536 |
||